00353nam a22001337a 450000500170000000800410001708200150005824500410007325000090011426000450012330000180016850000190018665000140020520231208000019.0231207b |||||||| |||| 00| 0 eng d 222a305.4. aWomen's studies international forum. a1st. aNew york/bElsevier Science LTD.c1994. axxii , 109 p. aWomen studies. aSex role.